Movies Quiz

Random Movies or Clip Quiz

Disney Song Sing-Along Quiz Stats

 Plays Quiz Updated Aug 11, 2016

Challenge
Share
Tweet
Score 0/42 Timer 18:00
1 Play Today
Time Song % Correct
0:00-0:10Circle Of Life
91.5%
0:30-0:40A Whole New World
87.9%
0:10-0:20Cruella De Vil
83.1%
4:00-4:10Under The Sea
80.6%
1:20-1:30Colors Of The Wind
77.1%
2:10-2:20Belle
69%
3:30-3:40I Just Can't Wait To Be King
69%
5:40-5:50You've Got A Friend In Me
65.9%
6:10-6:20Part Of Your World
65.3%
2:20-2:30Prince Ali
64.6%
2:00-2:10I'll Make A Man Out Of You
63.4%
6:00-6:10Can You Feel The Love Tonight
62.3%
2:40-2:50Once Upon A Dream
61.5%
1:30-1:40A Spoonful Of Sugar
61.3%
3:20-3:30I Wan'na Be Like You
60.1%
1:40-1:50A Star Is Born
52.6%
5:50-6:00Friend Like Me
52.1%
3:40-3:50Zero To Hero
51.9%
4:10-4:20Something There
50.8%
3:10-3:20You'll Be In My Heart
49.3%
1:50-2:00You Can Fly! You Can Fly! You Can Fly!
49.1%
Time Song % Correct
5:10-5:20Heigh-Ho
48.8%
0:40-0:50Let's Go Fly A Kite
42.5%
2:50-3:00Bella Notte
40.6%
5:00-5:10Ev'rybody Wants To Be A Cat
38.7%
5:30-5:40Give A Little Whistle
37.8%
6:20-6:30He's A Tramp
37.5%
1:10-1:20Someday My Prince Will Come
36.7%
2:30-2:40The Bells Of Notre Dame
33.4%
5:20-5:30Following The Leader
30.9%
6:30-6:40Trashin' The Camp
29.9%
4:20-4:30Little April Shower
26%
3:00-3:10I've Got No Strings
23.7%
0:20-0:30Strange Things
23.1%
4:30-4:40Oo-De-Lally
21.5%
4:50-5:00In A World Of My Own
19.4%
0:50-1:00On My Way
17.8%
4:40-4:50A Guy Like You
15.2%
1:00-1:10Once Upon A Time In New York City
13.4%
3:50-4:00Higitus Figitus
13.3%
6:50-7:00Good Company
12.8%
6:40-6:50Welcome
7.9%

You're not logged in!

Compare scores with friends on all Sporcle quizzes.
Join for Free
OR
Log In

You Might Also Like...

Show Comments

Extras

Top Quizzes Today


Score Distribution

Your Account Isn't Verified!

In order to create a playlist on Sporcle, you need to verify the email address you used during registration. Go to your Sporcle Settings to finish the process.

Report this User

Report this user for behavior that violates our Community Guidelines.

Details: